export_success — 

Opportunities and Challenges of Business 5. 0 in Emerging Markets.

It seems that when businesses were finally understanding, implementing, and getting used to industry 4.0, the term 5.0 came about. Industry 5.0 takes human touch, innovation, and efficiency a step further in creating a turnaround strategy for corporate governance. This transformation has brought man...

Full description

Bibliographic Details
Main Author: Dadwal, Sumesh.
Other Authors: Kumar, Pawan., Verma, Rajesh., Singh, Gursimranjit.
Format: eBook
Language:English
Published: Hershey : IGI Global, 2023.
Edition:1st ed.
Subjects:
Online Access:Click to View
LEADER 02726nam a22004093i 4500
001 EBC30456267
003 MiAaPQ
005 20240826032710.0
006 m o d |
007 cr cnu||||||||
008 240826s2023 xx o ||||0 eng d
020 |a 9781668464069  |q (electronic bk.) 
020 |z 9781668464038 
035 |a (MiAaPQ)EBC30456267 
035 |a (Au-PeEL)EBL30456267 
035 |a (OCoLC)1374427433 
040 |a MiAaPQ  |b eng  |e rda  |e pn  |c MiAaPQ  |d MiAaPQ 
050 4 |a HC59.7 .O52935 2023 
100 1 |a Dadwal, Sumesh. 
245 1 0 |a Opportunities and Challenges of Business 5. 0 in Emerging Markets. 
250 |a 1st ed. 
264 1 |a Hershey :  |b IGI Global,  |c 2023. 
264 4 |c Ã2023. 
300 |a 1 online resource (468 pages) 
336 |a text  |b txt  |2 rdacontent 
337 |a computer  |b c  |2 rdamedia 
338 |a online resource  |b cr  |2 rdacarrier 
520 |a It seems that when businesses were finally understanding, implementing, and getting used to industry 4.0, the term 5.0 came about. Industry 5.0 takes human touch, innovation, and efficiency a step further in creating a turnaround strategy for corporate governance. This transformation has brought many questions to the minds of stakeholders such as when and why this happened. In order to explore the answers to these questions, further study is required to understand the prospects and challenges. Opportunities and Challenges of Business 5.0 in Emerging Markets discusses the present state and future outlooks of Business 5.0 and aims to achieve comprehensive insights on the implications of Business 5.0 in the emerging markets. The book also provides insights to marketers, entrepreneurs, and practitioners to unravel the opportunities and mitigate the challenges in the competitive world. Covering key topics such as big data, e-commerce, and value creation, this reference work is ideal for policymakers, business owners, managers, industry professionals, researchers, scholars, practitioners, academicians, instructors, and students. 
588 |a Description based on publisher supplied metadata and other sources. 
590 |a Electronic reproduction. Ann Arbor, Michigan : ProQuest Ebook Central, 2024. Available via World Wide Web. Access may be limited to ProQuest Ebook Central affiliated libraries.  
655 4 |a Electronic books. 
700 1 |a Kumar, Pawan. 
700 1 |a Verma, Rajesh. 
700 1 |a Singh, Gursimranjit. 
776 0 8 |i Print version:  |a Dadwal, Sumesh  |t Opportunities and Challenges of Business 5. 0 in Emerging Markets  |d Hershey : IGI Global,c2023  |z 9781668464038 
797 2 |a ProQuest (Firm) 
856 4 0 |u https://ebookcentral.proquest.com/lib/matrademy/detail.action?docID=30456267  |z Click to View